Historiae decor

Titel: Historiae decor : Groby historyków na cmentarzu Rakowickim, 1803-2003
Verfasser:
In: Rocznik krakowski, Band 69 (2003), Seite 207-227, sum.
alle Artikel anzeigen
Veröffentlicht: 2003
Format: Aufsatz
Sprache: Polnisch
Schlagworte:
Kein Bild verfügbar
X
alg: 39373259
001A    $01999:12-11-16 
001B    $03025:09-02-26 $t15:59:23.000 
001C    $06050:19-11-16 $t09:12:36.000 
001D    $01999:12-11-16 
001U    $0utf8 
001X    $00 
002@    $0Aox 
003@    $0393732592 
007A    $0393732592 $aHEB 
007T    $0Herdk29836 
010@    $apol 
011@    $a2003 
021A    $aHistoriae decor $dGroby historyków na cmentarzu Rakowickim, 1803-2003 
028A    $aGrodziska $dKarolina 
031A    $d69 $h207-227, sum. $j2003 
037A    $aW Krakowie.  
039B    $aIn $8--Abvc--. Rocznik krakowski. - Kraków : Towarzystwo Miłośników Historii i Zabytków Krakowa, 1898-. - ISSN 0080-3499 $x200300000690000793 $9047602236 
044K    $RKrakau $74395001-2 $8Cmentarz Rakowicki$gKrakau [Tg1] $9088490882 
045F    $a307.09438 $eDDC23BSB 
045F/01 $a307.09 
045F/03 $g438 
045T    $aOST $qDE-12 $2FID 
045T    $a9,10 $a7,41 

lok: 39373259 78

exp: 39373259 78 1 #EPN
201B/01 $026-11-17 $t23:23:24.000 
201U/01 $0utf8 
203@/01 $0789843080 
208@/01 $a12-11-16 $be 
209A/01 $a/ $f000 $x00 
220C/01 $aTitelaufnehmer: pbb 
220C/01 $aHerkunft: IH PAN/PBB Kraków 
244Z/01 $2Trx $#Poola $#Lenkija $#Polija $#Polen Land $#Poland $#Lengyelország $#Poľsko $#Polsko $8--Trx--Polska$gkraj $x01 $9391345966 
244Z/01 $#Krakau $#Kraków $#Krakow $#Cracovie $#Cracovia $#Cracow $#Krakoi $#Krakov $#Cracov $74073760-3 $8--Tg1--Krakau $x02 $9085207705 
244Z/01 $aGeschichte 1803-2003 $x03 
244Z/01 $2Trx $#hauakunst $#antkapiai $#art, sepulchral $#temetkezési kultúra $#sztuka sepulkralna $#umenie sepulkrálne $#umění sepulkrální $#Grabmäler $#Kunst, sepulkrale $#Tombs $#nagrobki $#kamene pamätné $#náhrobky $#kameny pamětní $#náhrobky $8--Trx--Sepulkralkunst $x04 $9391355228 
244Z/01 $2Trx $#ajaloolased $#istorikai $#historians $#történészek $#historycy $#historici $#historici $8--Trx--Historiker $x05 $9391373544 
244Z/01 $2Trx $8--Trx--Zeitschriftenaufsatz $x06 $9391384341 
245Z/01 $a13.03 $x01 
245Z/01 $a11.05 $x02 
247C/01 $82080>Marburg/Lahn, Herder-Institut, Forschungsbibliothek, Bibliographieportal $9336309341
LEADER 00000caa a22000002c 4500
001 393732592
003 DE-603
005 20260209155923.0
007 tu
008 161112s2003 xx |||| | u00||u|pol c
035 |a (DE-599)HEB393732592 
040 |a DE-603  |b ger  |c DE-603  |d DE-603 
041 |a pol 
082 0 4 |8 1\u  |a 307.09438  |q DE-101  |2 23/BSB 
084 |a OST  |q DE-12  |2 fid 
084 |a 9,10  |a 7,41  |2 ssgn 
085 |8 1\u  |b 307.09 
085 |8 1\u  |z 2  |s 438 
100 1 |a Grodziska, Karolina 
245 0 0 |a Historiae decor  |b Groby historyków na cmentarzu Rakowickim, 1803-2003 
264 0 |c 2003 
500 |a W Krakowie. <pol> 
651 7 |a Cmentarz Rakowicki  |g Krakau  |0 (DE-588)4395001-2  |0 (DE-603)088490882  |2 gnd 
773 0 8 |i In  |t Rocznik krakowski  |d Kraków : Towarzystwo Miłośników Historii i Zabytków Krakowa, 1898-  |x 0080-3499  |g Band 69 (2003), Seite 207-227, sum.  |w (DE-603)047602236  |w (DE-600)419606-5 
924 0 |9 2080  |a (DE-603)789843080  |b DE-2080  |c HES  |d d  |g /